00788nam a22002057a 450000500170000001000150001702000270003203500130005903700130007208200110008510000190009624501380011526000310025327000850028430000260036950000190039594200250041499900170043995201260045620140110113834.0 aENG-108998 a9788180389351c1295.00 aEN-92531 bDBAD/PUB a328.54 aChauhan, K. S. aParliament powers, functions & privileges :cby K. S. Chauhan ; foreworded by T.S. Thakurba comparative constitutional perspective / aGurgaonbLexis Nexisc2013 a14th floor, Building No 10, Tower-B, DLF Cyber City, Phase-ll, bGurgaone122002 alvii,797p.c24cm(pbk) aIncludes index 2ddccENmCHAh328.54 c81451d81451 001040718NFICaDBADbDBADd2013-12-23eDBAD/PUBg1295.00l0o328.54 CHApEN-92531r2013-12-23 00:00:00t1v1295.00yEN